000 00591nam a2200181Ia 4500
003 OSt
005 20241003160035.0
008 210210b1946 xxu||||| |||| 00| 0 eng d
040 _cAL
041 _akan
082 _a859/1177
100 _aBALAKRASHNAN PURASU
_9146384
_dಬಾಲಕೃಷ್ಣನ್ ಪುರಸು
245 _aChinnada bale mattu itara kathegalu:
_bಚಿನ್ನದ ಬಳೆ ಮತ್ತು ಇತರ ಕತೆಗಳು
260 _aBengaluru
_bSatyashodhana Prakatana Mandira
_c1946
690 _aKannada Fiction
_9146385
906 _a021921
942 _2ddc
_cBK
999 _c146027
_d146027